Normal view
MARC view
- Govindasami Naadimuthu
Entry Personal Name
001 - CONTROL NUMBER
- control field: 107775
003 - CONTROL NUMBER IDENTIFIER
- control field: NUST
005 - DATE AND TIME OF LATEST TRANSACTION
- control field: 20230126132133.0
008 - FIXED-LENGTH DATA ELEMENTS
- fixed length control field: 230126|| aca||aabn | a|a d
040 ## - CATALOGING SOURCE
- Original cataloging agency: NUST
- Transcribing agency: NUST
100 ## - HEADING--PERSONAL NAME
- Personal name: Govindasami Naadimuthu
670 ## - SOURCE DATA FOUND
- Source citation: Work cat.: (NUST)184958: Bronson, Richard. 36440, Schaum's outline of theory and problems of operations research / , c1982.
